000 00875nam a2200289 a 4500
001 000009725
003 DO-SdBNP
005 20240412074311.0
007 ta
008 240213s2009 dr 000 p spa d
020 _a9789945863079
040 _aDO-SdBNP
_bspa
_cBNPHU
_erda
082 _aRD861.44
_bB511o, 2009
_222
100 1 _aBerigüete, Marino,
_d1962-
_916526
_eautor
245 1 0 _aOdas a Barahona /
_cMarino Berigüete.
264 _aSanto Domingo :
_bSerigraf,
_c2009
300 _a58 paginas. ;
_c21 cm.
336 _2rdacontent
_atexto
_btxt
337 _2rdamedia
_asin mediación
_bn
338 _2rdacarrier
_avolumen
_bnc
500 _aIncluye datos biográficos del autor en la solapa de la cubierta
590 _aInventariado, 2024/DG
650 0 _aPoesía dominicana
_966
650 0 _aLiteratura dominicana.
_967
910 _aDG
942 _2ddc
_cLF2
999 _c55936
_d55936